00580nam a2200169 i 4500001000300000100002100003245008800024260003100112300003400143504003300177700002800210040000800238041000800246080001700254008004100271856009800312bg1 aGrochal, Marian. 0aObsługa kotłów centralnego ogrzewania /cMarian Grochal, Zygmunt Szczypiński. aWarszawa :bArkady,c1974. as. 274, nlb. 1 :brys., tabl. a[Zawiera bibliogr. s. 264-].1 aSzczypiński, Zygmunt. cBPK apol a621.18:697.3 s pl f |000 0 pol  uhttp://koha.tu.koszalin.pl/cgi-bin/koha/opac-detail.pl?biblionumber=26363yKatalog online BPK